00598nam a2200193Ia 4500001000900000003000500009005001700014008004100031010001100072020001800083040000900101082001600110100002000126245011600146260003900262300001100301500006600312650002600378dia_1701CHAP20230615125138.0220117s2001 xx 000 0 und d a172246 a84-200-0931-8 cCHAP a658.562 B6Y aBolton, Anderew aSistema de Gestión de la Calidad en la Industria Alimenticia: Guía para Iso 9001 /c2 /c por Andrew Bolton aZaragoza (España) Acribia.c2001 a227 p. aC/e trad. de quality management system for the food industry. aCalidad control de la